Witness potential of evangelical poverty in India / (Record no. 9022)
[ view plain ]
| 000 -LEADER | |
|---|---|
| fixed length control field | 01072cam a2200313 p 4500 |
| 001 - CONTROL NUMBER | |
| control field | 4129443 |
| 003 - CONTROL NUMBER IDENTIFIER | |
| control field | GBCCL |
| 005 - DATE AND TIME OF LATEST TRANSACTION | |
| control field | 20241126110703.0 |
| 008 - FIXED-LENGTH DATA ELEMENTS--GENERAL INFORMATION | |
| fixed length control field | 761014s1975 sz b 001 0 eng |
| 010 ## - | |
| -- | 76361323 |
| 015 ## - | |
| -- | Sw76-1182 |
| 020 ## - INTERNATIONAL STANDARD BOOK NUMBER | |
| Terms of availability | 38.00F |
| 040 ## - CATALOGING SOURCE | |
| Original cataloging agency | DLC |
| Transcribing agency | DLC |
| Modifying agency | DLC |
| 043 ## - | |
| -- | a-ii--- |
| 050 00 - | |
| -- | BV2130 |
| -- | .N472 vol. 23 |
| -- | BV4647.P6 |
| 082 00 - DEWEY DECIMAL CLASSIFICATION NUMBER | |
| Classification number | 269.2 |
| Item number | CHE |
| 100 1# - MAIN ENTRY--PERSONAL NAME | |
| Personal name | Cherupallikat, Justinian. |
| 9 (RLIN) | 15754 |
| 245 10 - TITLE STATEMENT | |
| Title | Witness potential of evangelical poverty in India / |
| Statement of responsibility, etc. | Justinian Cherupallikat. |
| 260 ## - PUBLICATION, DISTRIBUTION, ETC. | |
| Place of publication, distribution, etc. | Immensee : |
| Name of publisher, distributor, etc. | Nouvelle revue de science missionnaire, |
| Date of publication, distribution, etc. | 1975. |
| 300 ## - PHYSICAL DESCRIPTION | |
| Extent | xxxii, 215 p. ; |
| Dimensions | 23 cm. |
| 440 #0 - SERIES STATEMENT/ADDED ENTRY--TITLE | |
| Title | Neue Zeitschrift für Missionswissenschaft. |
| Name of part/section of a work | Supplementa ; |
| Volume/sequential designation | v. 23 |
| 9 (RLIN) | 15755 |
| 500 ## - GENERAL NOTE | |
| General note | Includes index. |
| 504 ## - BIBLIOGRAPHY, ETC. NOTE | |
| Bibliography, etc. note | Bibliography: p. xvi-xxxii. |
| 650 #0 - SUBJECT ADDED ENTRY--TOPICAL TERM | |
| Topical term or geographic name entry element | Poverty |
| General subdivision | Religious aspects |
| -- | Christianity |
| -- | History of doctrines. |
| 9 (RLIN) | 15756 |
| 650 #0 - SUBJECT ADDED ENTRY--TOPICAL TERM | |
| Topical term or geographic name entry element | Poverty |
| General subdivision | Religious aspects |
| -- | Hinduism. |
| 9 (RLIN) | 15757 |
| 650 #0 - SUBJECT ADDED ENTRY--TOPICAL TERM | |
| Topical term or geographic name entry element | Poor |
| Geographic subdivision | India. |
| 9 (RLIN) | 15758 |
| 906 ## - LOCAL DATA ELEMENT F, LDF (RLIN) | |
| a | 7 |
| b | cbc |
| c | orignew |
| d | u |
| e | ncip |
| f | 19 |
| g | y-gencatlg |
| 942 ## - ADDED ENTRY ELEMENTS (KOHA) | |
| Source of classification or shelving scheme | Dewey Decimal Classification |
| Koha item type | Books |
| Koha issues (borrowed), all copies | 3 |
| Withdrawn status | Lost status | Source of classification or shelving scheme | Damaged status | Not for loan | Home library | Current Library | Shelving location | Date acquired | Total checkouts | Full call number | Barcode | Date last seen | Date last checked out | Copy number | Price effective from | Koha item type |
|---|---|---|---|---|---|---|---|---|---|---|---|---|---|---|---|---|
| Dewey Decimal Classification | GRACE BIBLE COLLEGE | GRACE BIBLE COLLEGE | Ministry & Mission | 2022-02-23 | 3 | 269.2 CHE | 005495 | 2025-05-01 | 2024-09-03 | c.1 | 2022-02-23 | Books |